000
00335nam a2200133Ia 4500
008
240624s9999 xx 000 0 und d
041
_a
eng
082
_a
920 TYS
100
_a
TYSON MIKE
245
_a
UNDISPUTED TRUTH MY AUTOBIOGRAPHY
260
_c
2013
_a
New Delhi
_b
HarperCollins
300
_a
564 : p. : cm. ; 21
365
_c
RS
_b
30
999
_c
26840
_d
26840